Name All Beatles Members - Statistics

General Stats
  • This quiz has been taken 21 times
  • The average score is 6 of 10
Answer Stats
Answer % Correct
John Lennon
100%
Paul McCartney
100%
Ringo Starr
100%
George Harrison
94%
Pete Best
76%
Stuart Sutcliffe
53%
Jimmie Nicol
12%
Chas Newby
6%
Norman Chapman
6%
Tommy Moore
6%
No matching quizzes found
Score Distribution
Percent of People with Each Score
Percentile by Number Answered
Your Score History
You have not taken this quiz